书目信息 |
| 题名: |
现代广播发射技术基础与实践研究
|
|
| 作者: | 段军宏 , 范孙青 主编 | |
| 分册: | ||
| 出版信息: | 长春 吉林大学出版社 2017.06 |
|
| 页数: | 306页 | |
| 开本: | 24cm | |
| 丛书名: | ||
| 单 册: | ||
| 中图分类: | TN839 | |
| 科图分类: | ||
| 主题词: | 广播发射机--技术 | |
| 电子资源: | ||
| ISBN: | 978-7-5692-0056-0 | |
| 000 | 00949nam0 2200229 450 | |
| 001 | 5283 | |
| 005 | 20181014170026.18 | |
| 010 | @a978-7-5692-0056-0@dCNY59.20 | |
| 100 | @a20180315d2017 em y0chiy50 ea | |
| 101 | 0 | @achi |
| 102 | @aCN@b220000 | |
| 105 | @aa z 000yy | |
| 200 | 1 | @a现代广播发射技术基础与实践研究@9xian dai guang bo fa she ji shu ji chu yu shi jian yan jiu@f段军宏,范孙青主编 |
| 210 | @a长春@c吉林大学出版社@d2017.06 | |
| 215 | @a306页@c图@d24cm | |
| 330 | @a本书共分为六章。第一章讲述了调频广播与数字声音广播的种类及其系统的特点;第二章与第三章主要写了射频系统与低频系统,写出了射频系统与低频系统的组成与分类;第四章、第五章与第六章为本书的重点内容,主要写了广播发射机的处理技术、实用技术及其技术系统的基础理论。 | |
| 606 | 0 | @a广播发射机@x技术 |
| 690 | @aTN839@v5 | |
| 701 | 0 | @a段军宏@9duan jun hong@f(1978-)@4主编 |
| 701 | 0 | @a范孙青@9fan sun qing@4主编 |
| 801 | 0 | @aCN@b91MARC@c20180315 |
| 905 | @aMuseLib@dTN839@e73 | |
| 现代广播发射技术基础与实践研究/段军宏,范孙青主编.-长春:吉林大学出版社,2017.06 |
| 306页:图;24cm |
| ISBN 978-7-5692-0056-0:CNY59.20 |
| 本书共分为六章。第一章讲述了调频广播与数字声音广播的种类及其系统的特点;第二章与第三章主要写了射频系统与低频系统,写出了射频系统与低频系统的组成与分类;第四章、第五章与第六章为本书的重点内容,主要写了广播发射机的处理技术、实用技术及其技术系统的基础理论。 |
| ● |
| 相关链接 |
|
|
|
|
正题名:现代广播发射技术基础与实践研究
索取号:TN839/73
 
预约/预借
| 序号 | 登录号 | 条形码 | 馆藏地/架位号 | 状态 | 备注 |
| 1 | 1128974 | 211289746 | 第二样本阅览室/ [索取号:TN839/73] | 在馆 | |
| 2 | 1128975 | 211289755 | 第三借阅区/ [索取号:TN839/73] | 在馆 | |
| 3 | 1128976 | 211289764 | 第三借阅区/ [索取号:TN839/73] | 在馆 | |
| 4 | 1128977 | 211289773 | 第三借阅区/ [索取号:TN839/73] | 在馆 | |
| 5 | 1128978 | 211289782 | 密集书库-物理学院/ [索取号:TN839/73] | 在馆 |